শরৎ -সাহিত্য-সংগ্রহ / (Record no. 2085)
[ view plain ]
| 000 -LEADER | |
|---|---|
| fixed length control field | 00786nam a2200217 a 4500 |
| 001 - CONTROL NUMBER | |
| JCCL Control Number | 2085 |
| 003 - CONTROL NUMBER IDENTIFIER | |
| JCCL marc code | BD-JhCC |
| 005 - DATE AND TIME OF LATEST TRANSACTION | |
| control field | 20171029173247.0 |
| 008 - FIXED-LENGTH DATA ELEMENTS--GENERAL INFORMATION | |
| fixed length control field | 171029s ii |||| ||a| 000 0 ben d |
| 035 ## - SYSTEM CONTROL NUMBER | |
| system control number | (BD-JhCC)2085 |
| 040 ## - CATALOGING SOURCE | |
| Original cataloging agency | BD-JhCC |
| Modifying agency | BD-JhCC |
| 041 ## - LANGUAGE CODE | |
| Language code of Book | ben |
| 082 ## - DEWEY DECIMAL CLASSIFICATION NUMBER | |
| Classification number | 891.443 |
| Author mark and Year | CHA |
| 100 ## - MAIN ENTRY--PERSONAL NAME | |
| Personal name | চট্টোপাধ্যায়, শরৎ চন্দ্র |
| 245 ## - TITLE STATEMENT | |
| Title | শরৎ -সাহিত্য-সংগ্রহ / |
| Statement of responsibility, etc | শরৎ চন্দ্র চট্টোপাধ্যায়, |
| 260 ## - PUBLICATION, DISTRIBUTION, ETC. (IMPRINT) | |
| Place of publication, distribution, etc | কলিকাতা : |
| Name of publisher, distributor, etc | এম. সি. সরকার অ্যাণ্ড সন্স প্রাইভেট লিমিটেড, |
| 300 ## - PHYSICAL DESCRIPTION | |
| Pagination | 389 p. : |
| Dimensions | 24 cm. |
| 650 ## - SUBJECT ADDED ENTRY--TOPICAL TERM | |
| Topical term or geographic name as entry element | Collection of Novel |
| 942 ## - ADDED ENTRY ELEMENTS (KOHA) | |
| Source of classification or shelving scheme | Dewey Decimal Classification |
| Koha item type | Books |
| Source of classification or shelving scheme | Damaged status | Not for loan | Home library | Current library | Shelving location | Cost, normal purchase price | Total Checkouts | Full call number | Barcode | Date last seen | Copy number | Koha item type | Date of accession |
|---|---|---|---|---|---|---|---|---|---|---|---|---|---|
| Dewey Decimal Classification | JCC Rouf Library | JCC Rouf Library | General Stacks | 20.00 | 891.443 CHA | 3517 | 10/29/2017 | C-1 | Books | ||||
| Dewey Decimal Classification | JCC Rouf Library | JCC Rouf Library | General Stacks | 20.00 | 891.443 CHA | 5161 | 11/13/2017 | C-2 | Books | 11/13/2017 |